| 000 | 00719nam a22002417a 4500 | ||
|---|---|---|---|
| 999 |
_c49 _d49 |
||
| 001 | 8708 | ||
| 003 | BD-DhUAP | ||
| 005 | 20210110095916.0 | ||
| 008 | 200114b20052002 a|||| ||| 001 0 eng d | ||
| 020 | _a98484801352 | ||
| 040 |
_aBD-DhUAP _bEng _cBD-DhUAP _dBD-DhUAP |
||
| 082 |
_223 _a004 RAH |
||
| 100 | _aRahman, M. Lutfar. | ||
| 245 |
_aComputer Fundamentals / _cM. Lutfar Rahman and M. Alamgir Hossain. |
||
| 260 |
_aDhaka : _bSystech publications, _cc2005. |
||
| 300 |
_a355 pages : _billustrations ; _c24 cm. |
||
| 500 | _aIncludes index. | ||
| 650 | _aElectronic digital computers | ||
| 650 | _aElectronic data processing | ||
| 650 | _aApplication software. | ||
| 700 | _aHossain, M. Alamgir | ||
| 942 |
_2ddc _cBK |
||